000
00339nam a2200133Ia 4500
008
230411s9999 xx 000 0 und d
041
_a
eng
082
_a
AD/610.7/CLE/B06824
100
_a
Clement I
_9
119826
245
_a
MSc Nursing Log Book
260
_b
Jaypee Brothers
_a
Bangalore
_c
2011
300
_a
84p
999
_c
157121
_d
157121